000 00635nam a2200241Ia 4500
003 OSt
005 20220918202054.0
006 a|||||r|||| 00| 0
007 ta
008 220917b |||||||| |||| 00| 0 eng d
024 _a98,547
037 _cTextual
040 _aARTS
_cARTS
_beng
041 _2eng
_aeng
082 _aV2:3.N7, L8
100 _aMitra Subrata Kumar
_9102086
245 0 _aGovernmental instability in Indian states
260 _aDelhi
_bAjanta
_c1978
300 _axi,150p.
_ccm.
650 _aHISTORY
942 _hV2:3.N7, L8
_cTEXL
_2CC
999 _c222138
_d222138